LEADER 00956nam--2200337---450 001 990002354720203316 005 20200506090439.0 035 $a000235472 035 $aUSA01000235472 035 $a(ALEPH)000235472USA01 035 $a000235472 100 $a20050113d1967----km-y0itay0103----ba 101 0 $aita 102 $aIT 105 $aa---||||001yy 200 1 $a<> architettura moderna in Brasile$fSergio Bracco 210 $aBologna$cCappelli$d1967 215 $a137 p., [34] p. di tav.$cill.$d20 cm 225 $a<> architettura contemporanea$v9 410 0$12001$a<> architettura contemporanea 606 $aArchitettura 676 $a720.981 700 1$aBRACCO,$bSerrgio$0571437 801 0$aIT$bsalbc$gISBD 912 $a990002354720203316 951 $aXVII A. 2127$b260 DLAS$cXVII A.$d390208 959 $aBK 969 $aCAS 969 $aUMA 996 $aArchitettura moderna in Brasile$91062369 997 $aUNISA LEADER 01874oam 2200517M 450 001 9910715812803321 005 20240520151100.0 035 $a(CKB)5470000002515961 035 $a(OCoLC)1064020191 035 $a(OCoLC)995470000002515961 035 $a(EXLCZ)995470000002515961 100 $a20070221d1862 ua 0 101 0 $aeng 135 $aurcn||||||||| 181 $ctxt$2rdacontent 182 $cc$2rdamedia 183 $acr$2rdacarrier 200 10$aEmancipation of the slaves of rebels. (To accompany Bill H.R. No. 472.) June 17, 1862. -- Ordered to be printed 210 1$a[Washington, D.C.] :$c[U.S. Government Printing Office],$d1862. 215 $a1 online resource (3 pages) 225 1 $aHouse report / 37th Congress, 2nd session. House ;$vno. 120 225 1 $a[United States congressional serial set] ;$v[serial no. 1145] 300 $aBatch processed record: Metadata reviewed, not verified. Some fields updated by batch processes. 300 $aFDLP item number not assigned. 517 $aEmancipation of the slaves of rebels. 606 $aEconomic aspects 606 $aEnslaved persons$xEmancipation 606 $aLabor supply 606 $aSlavery 606 $aEnslaved persons 607 $aUnited States$xHistory$yCivil War, 1861-1865 608 $aLegislative materials.$2lcgft 615 0$aEconomic aspects. 615 0$aEnslaved persons$xEmancipation. 615 0$aLabor supply. 615 0$aSlavery. 615 0$aEnslaved persons. 701 $aNoell$b John W$g(John William),$f1816-1863$pDemocrat (MO)$01418393 801 0$bWYU 801 1$bWYU 801 2$bOCLCO 801 2$bOCLCQ 906 $aBOOK 912 $a9910715812803321 996 $aEmancipation of the slaves of rebels. (To accompany Bill H.R. No. 472.) June 17, 1862. -- Ordered to be printed$93529731 997 $aUNINA